00461pab a2200133 454500008004000000100002000040245014600060260000900206300001300215362001200228650002200240650001200262773005300274180718b2011 xxu||||| |||| 00| 0 eng d aShekhar, Beulah aAn analysis of the psychological, clinical, sociological and demographic correlates of the suicide from the life and time of Ernest Hemingway c2011 ap.52-64. aJan-Jun aHemingway, Ernest aSuicide aIndian Journal of Criminology and Criminalistics